Công nghệ sinh học
Nội dung giới thiẹu những kiến thức cơ bản, kiến thức nâng cao khác trong nghiên cứu và ứng dụng enzyme, một số phương pháp truyền thống để xác định hoạt độ, tách, tinh sạch, nghiên cứu tính chất enzyme....
Bewaard in:
| Formaat: | Boek |
|---|---|
| Taal: | Undetermined |
| Gepubliceerd in: |
Hà Nội
Giáo dục
2007
|
| Onderwerpen: | |
| Tags: |
Voeg label toe
Geen labels, Wees de eerste die dit record labelt!
|
| Thư viện lưu trữ: | Trung tâm Học liệu Trường Đại học Cần Thơ |
|---|
| LEADER | 00893nam a2200193Ia 4500 | ||
|---|---|---|---|
| 001 | CTU_132068 | ||
| 008 | 210402s9999 xx 000 0 und d | ||
| 020 | |c 28000 | ||
| 082 | |a 660.6 | ||
| 082 | |b C455/T.3 | ||
| 245 | 0 | |a Công nghệ sinh học | |
| 245 | 0 | |c Phạm Thị Trân Châu, Phan Tuấn Nghĩa | |
| 260 | |a Hà Nội | ||
| 260 | |b Giáo dục | ||
| 260 | |c 2007 | ||
| 520 | |a Nội dung giới thiẹu những kiến thức cơ bản, kiến thức nâng cao khác trong nghiên cứu và ứng dụng enzyme, một số phương pháp truyền thống để xác định hoạt độ, tách, tinh sạch, nghiên cứu tính chất enzyme. | ||
| 650 | |a Enzyme technology,Biotechnology,Công nghệ sinh học,Công nghệ enzyme | ||
| 904 | |i Tuyến | ||
| 980 | |a Trung tâm Học liệu Trường Đại học Cần Thơ | ||